| 000 | 00483 a2200181 4500 | ||
|---|---|---|---|
| 001 | 001227 | ||
| 003 | OSt | ||
| 005 | 20211022105846.0 | ||
| 008 | |||
| 082 |
_a658.800954091734 _bV54R |
||
| 100 | 1 | _aVelayudhan, Sonal Kumar | |
| 245 | 1 |
_aRural marketing _cby Sonal Kumar Velayudhan |
|
| 250 | _a2nd ed. | ||
| 260 |
_aLondon _bResponse _c2010 |
||
| 300 | _a249p. | ||
| 690 | _aMarketing; India; Consumer behavior; Rural conditions | ||
| 942 |
_2ddc _cBK |
||
| 999 |
_c28 _d28 |
||